00497nam a2200157Ia 4500020001800000082001500018245007500033260002800108300001000136500002000146504001900166650002000185650009200205700002000297700002200317 a0-89232-882-7 a306.6 RES; 0aResearch in the social scientific study of religion: a research annual aLondonbJai Pressc1989 a260p. aContents:Vol.1. aIncludes index aSocial sciences aSocial sciences - Religion and sociology - Religion and the social sciences - Research  aLynn, Monty L.  aMoberg, David O.